000 00824nam a22002297a 4500
003 OSt
005 20251104032647.0
008 251104b |||||||| |||| 00| 0 eng d
020 _a978-971-06-5941-8
040 _aDWCL - Main Lib
_cOC
082 _24th
_aRes. 899.211 B123p 2023
100 _aBaisa-Julian, Ailene G. [and three others]
245 _aPinagyamang Pluma 7 :
_bNapapanahong Kaalaman sa Wika at Panitikan /
_cAilene G. Baisa-Julian [and three others]
250 _a4th
260 _aQuezon City, Philippines :
_bPhoenix Publishing House,
_cc2023.
300 _axvii, 443 pages :
_billustrations ;
_c25cm.
650 _a1. Filipino - Study and Teaching
700 _aI. Carmela Esguerra-Jose,
700 _aII. Nestor S. Lontoc,
700 _aIII. Alma M. Dayag
942 _2ddc
_cBK-0 CIRC
_e4th
_mRes.
_n0
999 _c5424
_d5424